[Event "CZE-tht Extraliga 2018-19"]
[Site "Czech Republic"]
[Date "2019.02.09"]
[Round "7.7"]
[White "Jasny, Stanislav"]
[Black "Kovar, Vojtech"]
[Result "1/2-1/2"]
[WhiteElo "2361"]
[BlackElo "2237"]
[Annotator "NA"]
[PlyCount "114"]
[EventDate "2018.11.03"]
[EventType "team-tourn"]
[EventCountry "CZE"]
[SourceTitle "playchess.com"]
[Source "ChessBase"]
[SourceQuality "1"]
[WhiteTeam "Beskydska"]
[BlackTeam "Siesta"]
[TimeControl "40/5400+30:1800+30"]

1. d4 {[%emt 0:00:00]} d5 {[%emt 0:00:00]} 2. c4 {[%emt 0:00:00]} e6 {[%emt 0:00:00]} 3. Nc3 {[%emt 0:00:02]} Nf6 4. Bg5 {[%emt 0:00:51]} Be7 {[%emt 0:00:00]} 5. e3 {[%emt 0:00:18]} h6 {[%emt 0:00:00]} 6. Bh4 {[%emt 0:00:19]} O-O {[%emt 0:00:00]} 7. Nf3 {[%emt 0:00:15]} Nbd7 {[%emt 0:00:17]} 8. Qc2 {[%emt 0:04:36]} c5 {[%emt 0:00:05]} 9. Rd1 {[%emt 0:01:12]} Qa5 {[%emt 0:10:02]} 10. Be2 {[%emt 0:21:08] D61: Queen's Gambit Declined: Classical: 7 Qc2} (10. cxd5 Nxd5 11. Bxe7 Nxe7 12. Be2 Nf6 13. O-O cxd4 14. Rxd4 Nc6 15. Rd2 Bd7 16. Rfd1 Rfd8 17. Qb3 Rab8 {½-½ (49) So,W (2770)-Kramnik,V (2812) Leuven 2016}) 10... cxd4 $146 {[%emt 0:08:07]} ({Predecessor:} 10... dxc4 11. Bxc4 a6 12. O-O b5 13. Bd3 cxd4 14. Nxd4 {½-½ (14) Moradiabadi,E (2528)-Arun Prasad,S (2490) Las Vegas 2017}) 11. Nxd4 {[%emt 0:01:12]} Bb4 {[%emt 0:00:05]} 12. O-O {[%emt 0:00:38]} Bxc3 {[%emt 0:00:03]} 13. bxc3 dxc4 {[%emt 0:36:40]} 14. Bxc4 {[%emt 0:11:04]} Ne5 {[%emt 0:00:02]} 15. Bb3 {[%emt 0:06:34]} Nd5 {[%emt 0:04:23] [#]} 16. Bg3 {[%emt 0:14:16]} ({White should try} 16. c4 $1 $16 {[%cal Rc4d5]} Nb4 17. Qe2) 16... Nb6 {[%emt 0:04:26]} 17. c4 Bd7 {[%emt 0:03:39]} 18. c5 {[%emt 0:19:41]} Rfc8 {[%emt 0:00:16] [#]} 19. Qe4 {[%emt 0:07:17]} ({But not} 19. Bxe5 $6 Rxc5 {[%mdl 64] Double Attack} 20. Qe4 Rxe5 $11) (19. Rc1 $1 $16 Nc6 20. Qe4) 19... Rxc5 {[%emt 0:01:22]} 20. Qxb7 {[%emt 0:01:07]} Rac8 {[%emt 0:09:13] [#]} 21. Bxe5 {[%emt 0:03:26]} (21. Nf5 $1 $16 {[%cal Rf5e7]} exf5 22. Bxe5 Rxe5 23. Rxd7 Nxd7 24. Qxc8+ Nf8 25. Qb7) 21... Rxe5 {[%emt 0:00:04]} 22. Rc1 {[%emt 0:00:23]} Rec5 {[%emt 0:00:20]} 23. Rxc5 {[%emt 0:00:06]} Rxc5 {[%emt 0:00:18]} 24. h3 {[%emt 0:02:42]} Rc8 {[%emt 0:15:44]} 25. Rd1 {[%emt 0:01:12]} Ba4 {[%emt 0:00:07]} 26. Nf3 {[%emt 0:03:30]} Bc6 {[%emt 0:04:15]} 27. Qe7 {[%emt 0:00:41]} Bxf3 {[%emt 0:00:04]} 28. gxf3 {[%emt 0:00:08]} Qg5+ {[%emt 0:02:44]} 29. Qxg5 {[%emt 0:00:05]} hxg5 {[%emt 0:00:01]} 30. Rd4 {[%emt 0:00:18]} Kf8 {[%emt 0:00:31]} 31. h4 {[%emt 0:01:31]} gxh4 32. Rxh4 {[%emt 0:00:01]} Rc5 {[%emt 0:02:19]} 33. Rh8+ {[%emt 0:00:32]} Ke7 {[%emt 0:00:01]} 34. Rb8 {[%emt 0:00:09]} Kd7 {[%emt 0:00:45]} 35. Rf8 {[%emt 0:01:15]} Ke7 {[%emt 0:00:04]} 36. Rg8 {[%emt 0:00:46]} g6 {[%emt 0:00:19]} 37. Kg2 {[%emt 0:00:26]} Rc8 {[%emt 0:01:04]} 38. Rxc8 {[%emt 0:00:19]} Nxc8 {[%emt 0:00:01]} 39. f4 {[%emt 0:00:20]} Kd6 {[%emt 0:01:28]} 40. Kf3 {[%emt 0:00:29]} f5 {[%emt 0:00:25]} 41. Ke2 $11 {[%emt 0:13:42]} Ne7 {[%emt 0:04:54]} 42. Kd3 {[%emt 0:01:37]} e5 {[%emt 0:02:13]} 43. fxe5+ {[%emt 0:00:52]} Kxe5 {[%emt 0:00:02]} 44. f4+ Kf6 {[%emt 0:00:33]} 45. Kd4 {[%emt 0:02:26]} g5 46. fxg5+ {[%emt 0:00:06]} Kxg5 {[%emt 0:00:41]} 47. Ke5 {[%emt 0:04:33]} Ng6+ {[%emt 0:02:44]} 48. Kd6 {[%emt 0:01:59]} f4 {[%emt 0:00:14]} 49. exf4+ {[%emt 0:01:32]} Kxf4 {[%emt 0:00:40]} 50. Kc6 {[%emt 0:00:13]} Ke5 {[%emt 0:00:25]} 51. a4 {[%emt 0:01:15]} a5 {[%emt 0:00:20]} 52. Kb6 {[%emt 0:00:18]} Kd6 {[%emt 0:00:19]} 53. Kxa5 {[%emt 0:00:09]} Kc5 {[%emt 0:00:08]} 54. Bd1 {[%emt 0:02:03]} Ne5 {[%emt 0:00:08]} 55. Ka6 {[%emt 0:00:24]} Kb4 {[%emt 0:00:22]} 56. Kb6 {[%emt 0:01:10]} Nc4+ {[%emt 0:00:12]} 57. Ka6 {[%emt 0:00:13]} Nb2 {[%emt 0:00:04]} 1/2-1/2

[Event "CZE-tht Extraliga 2018-19"]
[Site "Czech Republic"]
[Date "2019.02.09"]
[Round "7.7"]
[White "Chytilek, Roman"]
[Black "Jansa, Vlastimil"]
[Result "0-1"]
[WhiteElo "2334"]
[BlackElo "2454"]
[Annotator "RC"]
[PlyCount "106"]
[EventDate "2018.11.03"]
[EventType "team-tourn"]
[EventCountry "CZE"]
[SourceTitle "playchess.com"]
[Source "ChessBase"]
[SourceQuality "1"]
[WhiteTeam "Duras"]
[BlackTeam "Lysa nad Labem"]
[TimeControl "40/5400+30:1800+30"]

1. d4 {[%emt 0:00:00]} Nf6 {[%emt 0:00:00]} 2. c4 {[%emt 0:00:05]} g6 {[%emt 0:00:00]} 3. Nc3 {[%emt 0:00:19]} d5 {[%emt 0:00:00]} 4. Nf3 {[%emt 0:00:54]} Bg7 {[%emt 0:00:04]} 5. Qb3 {[%emt 0:00:52]} dxc4 {[%emt 0:00:39]} 6. Qxc4 {[%emt 0:00:07]} O-O {[%emt 0:00:30]} 7. e4 {[%emt 0:00:40]} Nc6 {[%emt 0:08:07]} 8. Be2 {[%emt 0:03:45]} Bg4 {[%emt 0:03:56]} 9. d5 {[%emt 0:03:28]} Na5 {[%emt 0:01:25]} 10. Qb4 {[%emt 0:02:33]} Bxf3 {[%emt 0:04:54]} 11. Bxf3 {[%emt 0:00:36]} c6 {[%emt 0:01:26]} 12. O-O {[%emt 0:02:09]} Nd7 {[%emt 0:08:11]} 13. Rd1 {[%emt 0:05:28]} c5 {[%emt 0:03:52]} 14. Qa4 {[%emt 0:23:12]} a6 {[%emt 0:02:17]} 15. Qc2 {[%emt 0:01:58]} b5 {[%emt 0:04:33]} 16. Bg5 {[%emt 0:05:14]} h6 {[%emt 0:04:23]} 17. Bd2 {[%emt 0:05:26]} Nc4 {[%emt 0:01:28]} 18. Be1 {[%emt 0:01:49]} Nd6 {[%emt 0:03:26]} 19. a3 {[%emt 0:16:33]} c4 {[%emt 0:08:50]} 20. Na2 {[%emt 0:04:27]} a5 {[%emt 0:15:46]} 21. Bc3 {[%emt 0:01:39]} Ne5 {[%emt 0:00:53]} 22. Bxe5 {[%emt 0:04:39]} Bxe5 {[%emt 0:00:09]} 23. Nc3 {[%emt 0:00:12]} b4 {[%emt 0:02:19]} 24. Ne2 {[%emt 0:02:06]} Qb6 {[%emt 0:01:02]} 25. Rab1 {[%emt 0:05:08]} Qc5 {[%emt 0:01:58]} 26. a4 {[%emt 0:01:34]} Rac8 {[%emt 0:02:45]} 27. Rbc1 {[%emt 0:01:27]} Kg7 {[%emt 0:02:34]} 28. Qd2 {[%emt 0:03:38]} Rc7 {[%emt 0:07:49]} 29. Nf4 {[%emt 0:03:37]} Qb6 {[%emt 0:02:26]} 30. g3 {[%emt 0:00:15]} c3 {[%emt 0:00:53]} 31. bxc3 {[%emt 0:00:09]} bxc3 {[%emt 0:01:42]} 32. Qc2 {[%emt 0:00:58]} Nc4 {[%emt 0:00:21]} 33. Nd3 {[%emt 0:00:55]} Bd4 {[%emt 0:00:35]} 34. Kg2 {[%emt 0:00:28]} Rb8 {[%emt 0:01:54]} 35. Rb1 {[%emt 0:00:23]} Qa7 {[%emt 0:00:51]} 36. Rxb8 {[%emt 0:00:17]} Qxb8 {[%emt 0:00:04]} 37. Rc1 {[%emt 0:00:52]} Nd2 {[%emt 0:01:25]} 38. Rd1 {[%emt 0:00:29]} Qb6 {[%emt 0:01:20]} 39. h4 {[%emt 0:00:31]} h5 {[%emt 0:00:27]} 40. Rxd2 {[%emt 0:00:36]} cxd2 {[%emt 0:00:12]} 41. Qxd2 {[%emt 0:30:08]} Qb3 {[%emt 0:08:20]} 42. Bd1 {[%emt 0:00:00]} Qc3 {[%emt 0:01:32]} 43. Qe2 {[%emt 0:00:00]} Ba7 {[%emt 0:02:49]} 44. e5 {[%emt 0:00:00]} Qd4 {[%emt 0:01:34]} 45. Qf3 {[%emt 0:00:00]} Rc3 {[%emt 0:05:29]} 46. Be2 {[%emt 0:00:00]} Qxa4 {[%emt 0:01:19]} 47. d6 {[%emt 0:00:00]} Qd7 {[%emt 0:03:11]} 48. Qd5 {[%emt 0:00:36]} a4 {[%emt 0:04:04]} 49. Bf3 {[%emt 0:01:37]} a3 {[%emt 0:01:19]} 50. dxe7 {[%emt 0:01:05]} Qxe7 {[%emt 0:00:56]} 51. Be4 {[%emt 0:00:56]} Rc2 {[%emt 0:01:14]} 52. Qb3 {[%emt 0:01:05]} a2 {[%emt 0:00:43]} 53. Qa4 {[%emt 0:00:37]} Rc4 {[%emt 0:01:06]} 0-1

[Event "CZE-tht Extraliga 2018-19"]
[Site "Czech Republic"]
[Date "2019.02.09"]
[Round "7.7"]
[White "Pisk, Petr"]
[Black "Kuba, Jindrich"]
[Result "1/2-1/2"]
[WhiteElo "2330"]
[BlackElo "2310"]
[Annotator "NA"]
[PlyCount "38"]
[EventDate "2018.11.03"]
[EventType "team-tourn"]
[EventCountry "CZE"]
[SourceTitle "playchess.com"]
[Source "ChessBase"]
[SourceQuality "1"]
[WhiteTeam "Brno"]
[BlackTeam "Siesta B"]
[TimeControl "40/5400+30:1800+30"]

1. d4 {[%emt 0:00:44]} Nf6 {[%emt 0:00:00]} 2. Nf3 {[%emt 0:00:27]} b6 {[%emt 0:00:00]} 3. Bg5 {[%emt 0:02:13]} Bb7 {[%emt 0:00:07]} 4. Nbd2 {[%emt 0:08:07]} e6 {[%emt 0:00:28]} 5. e3 {[%emt 0:00:55]} Be7 {[%emt 0:00:31]} 6. Bd3 {[%emt 0:00:56]} d6 {[%emt 0:02:16]} 7. Qe2 {[%emt 0:02:37]} Nbd7 {[%emt 0:00:17]} 8. h3 {[%emt 0:04:21]} c5 {[%emt 0:03:44]} 9. c3 {[%emt 0:02:51]} Qc7 {[%emt 0:00:39]} 10. e4 {[%emt 0:06:35]} h6 {[%emt 0:02:18]} 11. Bxf6 {[%emt 0:08:50]} Bxf6 {[%emt 0:03:50]} 12. O-O {[%emt 0:00:57]} O-O {[%emt 0:00:26]} 13. Rfe1 {[%emt 0:00:35]} e5 {[%emt 0:01:10]} 14. dxe5 {[%emt 0:02:10]} Nxe5 {[%emt 0:02:32]} 15. Nxe5 {[%emt 0:04:39]} dxe5 {[%emt 0:01:40]} 16. Ba6 {[%emt 0:08:00]} Bc6 {[%emt 0:04:36]} 17. Bb5 {[%emt 0:03:43]} Bb7 {[%emt 0:01:03]} 18. Ba6 {[%emt 0:00:09]} Bc6 {[%emt 0:00:06]} 19. Bb5 {[%emt 0:03:28]} Bb7 {[%emt 0:00:08]} 1/2-1/2

[Event "CZE-tht Extraliga 2018-19"]
[Site "Czech Republic"]
[Date "2019.02.09"]
[Round "7.7"]
[White "Kawulok, Marek"]
[Black "Zilka, Stepan"]
[Result "0-1"]
[WhiteElo "2198"]
[BlackElo "2533"]
[Annotator "ChessBase"]
[PlyCount "66"]
[EventDate "2018.11.03"]
[EventType "team-tourn"]
[EventCountry "CZE"]
[SourceTitle "playchess.com"]
[Source "ChessBase"]
[SourceQuality "1"]
[WhiteTeam "Cesky Tesin"]
[BlackTeam "Novoborsky"]
[TimeControl "40/5400+30:1800+30"]

1. d4 {[%emt 0:00:00]} Nf6 {[%emt 0:00:34]} 2. c4 {[%emt 0:00:00]} e6 {[%emt 0:00:04]} 3. g3 {[%emt 0:00:00]} d5 {[%emt 0:00:30]} 4. Nf3 {[%emt 0:00:02]} dxc4 {[%emt 0:00:15]} 5. Bg2 {[%emt 0:00:46]} a6 {[%emt 0:00:15]} 6. O-O {[%emt 0:08:59]} Nc6 {[%emt 0:00:08]} 7. e3 {[%emt 0:07:01]} Rb8 {[%emt 0:00:05]} 8. Nfd2 {[%emt 0:05:53]} e5 {[%emt 0:16:54]} 9. Bxc6+ {[%emt 0:06:00]} bxc6 {[%emt 0:00:02]} 10. dxe5 {[%emt 0:00:07]} Ng4 {[%emt 0:00:04]} 11. Nxc4 {[%emt 0:00:06]} Qxd1 {[%emt 0:00:36]} 12. Rxd1 {[%emt 0:00:02]} Be6 {[%emt 0:00:09]} 13. Nba3 {[%emt 0:09:13]} Bxa3 {[%emt 0:02:19]} 14. Nxa3 {[%emt 0:00:05]} Nxe5 {[%emt 0:00:07]} 15. f4 {[%emt 0:07:24]} Bg4 {[%emt 0:02:28]} 16. Rf1 {[%emt 0:00:26]} Nd3 {[%emt 0:00:07]} 17. Bd2 {[%emt 0:09:39]} Be2 {[%emt 0:10:30]} 18. Rfb1 {[%emt 0:01:00]} h5 {[%emt 0:01:16]} 19. h4 {[%emt 0:04:33]} O-O {[%emt 0:04:41]} 20. b3 {[%emt 0:02:32]} Rbd8 {[%emt 0:07:02]} 21. Nc4 {[%emt 0:02:57]} Rfe8 {[%emt 0:01:06]} 22. Ba5 {[%emt 0:08:22]} Re7 {[%emt 0:02:03]} 23. Kg2 {[%emt 0:03:38]} f6 {[%emt 0:02:45]} 24. Nb2 {[%emt 0:03:21]} Rd5 {[%emt 0:12:31]} 25. Nc4 {[%emt 0:03:47]} g5 {[%emt 0:04:01]} 26. hxg5 {[%emt 0:00:59]} fxg5 {[%emt 0:00:02]} 27. Bc3 {[%emt 0:00:09]} g4 {[%emt 0:02:10]} 28. Ne5 {[%emt 0:02:14]} Nxe5 {[%emt 0:00:16]} 29. Bxe5 {[%emt 0:00:05]} Bf3+ {[%emt 0:04:04]} 30. Kf1 {[%emt 0:00:06]} h4 {[%emt 0:02:29]} 31. gxh4 {[%emt 0:00:13]} Rexe5 {[%emt 0:04:37]} 32. fxe5 {[%emt 0:00:06]} Rd2 {[%emt 0:00:04]} 33. Kg1 {[%emt 0:04:46]} g3 {[%emt 0:01:08]} 0-1

[Event "CZE-tht Extraliga 2018-19"]
[Site "Czech Republic"]
[Date "2019.02.09"]
[Round "7.8"]
[White "Kriebel, Tadeas"]
[Black "Mitura, Vaclav"]
[Result "1-0"]
[WhiteElo "2513"]
[BlackElo "2147"]
[Annotator "ChessBase"]
[PlyCount "75"]
[EventDate "2018.11.03"]
[EventType "team-tourn"]
[EventCountry "CZE"]
[SourceTitle "playchess.com"]
[Source "ChessBase"]
[SourceQuality "1"]
[WhiteTeam "Novoborsky"]
[BlackTeam "Cesky Tesin"]
[TimeControl "40/5400+30:1800+30"]

1. e4 {[%emt 0:00:00]} c6 {[%emt 0:00:02]} 2. d4 {[%emt 0:00:00]} d5 {[%emt 0:00:09]} 3. e5 {[%emt 0:00:00]} Bf5 {[%emt 0:00:14]} 4. Nf3 {[%emt 0:00:00]} e6 {[%emt 0:00:13]} 5. Be2 {[%emt 0:00:00]} Nd7 {[%emt 0:00:36]} 6. O-O {[%emt 0:00:09]} Bg6 {[%emt 0:00:17]} 7. Nbd2 {[%emt 0:00:26]} Nh6 {[%emt 0:00:50]} 8. Nb3 {[%emt 0:00:06]} Nf5 {[%emt 0:01:30]} 9. Bd2 {[%emt 0:00:20]} Be7 {[%emt 0:02:04]} 10. a4 {[%emt 0:00:05]} O-O {[%emt 0:08:52]} 11. a5 {[%emt 0:00:53]} c5 {[%emt 0:05:04]} 12. c3 {[%emt 0:08:23]} Rc8 {[%emt 0:08:08]} 13. Nxc5 {[%emt 0:20:16]} Nxc5 {[%emt 0:04:25]} 14. dxc5 {[%emt 0:01:39]} Bxc5 {[%emt 0:00:35]} 15. b4 {[%emt 0:00:25]} Be7 {[%emt 0:00:07]} 16. a6 {[%emt 0:00:13]} b6 {[%emt 0:04:52]} 17. g4 {[%emt 0:00:18]} Nh4 {[%emt 0:05:54]} 18. Nd4 {[%emt 0:00:14]} Qc7 {[%emt 0:02:29]} 19. f4 {[%emt 0:00:25]} Be4 {[%emt 0:53:09]} 20. Qe1 {[%emt 0:04:27]} h6 {[%emt 0:00:00]} 21. Qg3 {[%emt 0:04:34]} Qd8 {[%emt 0:00:00]} 22. Rad1 {[%emt 0:16:43]} Kh8 {[%emt 0:00:00]} 23. h3 {[%emt 0:13:06]} Rg8 {[%emt 0:00:00]} 24. Bb5 {[%emt 0:01:06]} Ng6 {[%emt 0:02:30]} 25. Qe3 {[%emt 0:05:05]} Qc7 {[%emt 0:00:00]} 26. Rc1 {[%emt 0:01:19]} Nh4 {[%emt 0:00:00]} 27. Rf2 {[%emt 0:03:54]} g5 {[%emt 0:00:00]} 28. Rcf1 {[%emt 0:06:58]} gxf4 {[%emt 0:00:00]} 29. Qxf4 {[%emt 0:03:53]} Bg5 {[%emt 0:00:00]} 30. Qg3 {[%emt 0:00:27]} Rg7 {[%emt 0:00:00]} 31. Bxg5 {[%emt 0:01:45]} hxg5 {[%emt 0:00:00]} 32. Bc6 {[%emt 0:02:52]} Ng6 {[%emt 0:00:41]} 33. Bb7 {[%emt 0:00:08]} Qxc3 {[%emt 0:00:47]} 34. Qxc3 {[%emt 0:02:22]} Rxc3 {[%emt 0:00:02]} 35. Nb5 {[%emt 0:00:13]} Nf4 {[%emt 0:00:43]} 36. Nxc3 {[%emt 0:00:28]} Nxh3+ {[%emt 0:00:39]} 37. Kh2 {[%emt 0:00:05]} Rh7 {[%emt 0:01:19]} 38. Rxf7 {[%emt 0:00:52]} 1-0

[Event "CZE-tht Extraliga 2018-19"]
[Site "Czech Republic"]
[Date "2019.02.09"]
[Round "7.8"]
[White "Suran, Jan"]
[Black "Vyskocil, Neklan"]
[Result "1/2-1/2"]
[WhiteElo "2408"]
[BlackElo "2295"]
[Annotator "NA"]
[PlyCount "141"]
[EventDate "2018.11.03"]
[EventType "team-tourn"]
[EventCountry "CZE"]
[SourceTitle "playchess.com"]
[Source "ChessBase"]
[SourceQuality "1"]
[WhiteTeam "Lysa nad Labem"]
[BlackTeam "Duras"]
[TimeControl "40/5400+30:1800+30"]

1. e4 {[%emt 0:00:00]} c5 {[%emt 0:00:00]} 2. Nf3 {[%emt 0:00:00]} Nc6 {[%emt 0:00:17]} 3. d4 {[%emt 0:00:07]} cxd4 {[%emt 0:00:12]} 4. Nxd4 {[%emt 0:00:03]} Nf6 {[%emt 0:00:49]} 5. Nc3 {[%emt 0:00:09]} e5 {[%emt 0:00:29]} 6. Ndb5 {[%emt 0:00:38]} d6 {[%emt 0:00:25]} 7. Bg5 {[%emt 0:01:07]} a6 {[%emt 0:00:15]} 8. Na3 {[%emt 0:00:15]} b5 {[%emt 0:00:22]} 9. Nd5 {[%emt 0:01:34]} Be7 {[%emt 0:00:14]} 10. Bxf6 {[%emt 0:03:01]} Bxf6 {[%emt 0:00:10]} 11. c4 {[%emt 0:01:11]} b4 {[%emt 0:00:44]} 12. Nc2 {[%emt 0:00:04]} a5 {[%emt 0:00:18]} 13. Be2 {[%emt 0:05:12]} O-O {[%emt 0:01:16]} 14. O-O {[%emt 0:00:07]} Bg5 {[%emt 0:00:47]} 15. Qd3 {[%emt 0:04:35]} Rb8 {[%emt 0:05:30]} 16. Rad1 {[%emt 0:05:33]} a4 {[%emt 0:04:27]} 17. b3 {[%emt 0:03:13]} Qa5 {[%emt 0:07:14]} 18. Qg3 {[%emt 0:12:15]} Bd8 {[%emt 0:09:56]} 19. h3 {[%emt 0:33:04]} Be6 {[%emt 0:03:35]} 20. Bg4 {[%emt 0:01:54]} axb3 {[%emt 0:07:15]} 21. axb3 {[%emt 0:00:04]} Qa2 {[%emt 0:07:00]} 22. Qd3 {[%emt 0:01:17]} Bxd5 {[%emt 0:02:42]} 23. cxd5 {[%emt 0:02:12]} Ne7 {[%emt 0:20:22]} 24. Ne3 {[%emt 0:04:59]} Ra8 {[%emt 0:08:19]} 25. Nc4 {[%emt 0:02:50]} Bc7 {[%emt 0:01:05]} 26. f4 {[%emt 0:02:24]} exf4 {[%emt 0:01:37]} 27. e5 {[%emt 0:02:22]} Qa7+ {[%emt 0:00:41]} 28. Kh1 {[%emt 0:00:18]} Rad8 {[%emt 0:01:07]} 29. e6 {[%emt 0:00:37]} fxe6 {[%emt 0:01:43]} 30. Bxe6+ {[%emt 0:00:03]} Kh8 {[%emt 0:00:06]} 31. Rde1 {[%emt 0:09:33]} Bb6 {[%emt 0:03:38]} 32. Qd2 {[%emt 0:02:46]} Ng6 {[%emt 0:03:07]} 33. Qxb4 {[%emt 0:00:09]} Bc5 {[%emt 0:00:27]} 34. Qc3 {[%emt 0:00:29]} Rb8 {[%emt 0:07:44]} 35. Qc2 {[%emt 0:00:49]} Qb7 {[%emt 0:01:03]} 36. Rb1 {[%emt 0:00:42]} Qe7 {[%emt 0:00:49]} 37. Bf5 {[%emt 0:01:20]} Nh4 {[%emt 0:00:19]} 38. Rbe1 {[%emt 0:01:10]} Qg5 {[%emt 0:01:03]} 39. Be4 {[%emt 0:00:44]} Rbe8 {[%emt 0:00:42]} 40. Nd2 {[%emt 0:00:38]} Bb4 {[%emt 0:01:27]} 41. Rd1 {[%emt 0:11:47]} Qg3 {[%emt 0:09:52]} 42. Nf3 {[%emt 0:05:52]} Nxg2 {[%emt 0:14:07]} 43. Qxg2 {[%emt 0:00:08]} Qxg2+ {[%emt 0:00:33]} 44. Kxg2 {[%emt 0:00:01]} Rxe4 {[%emt 0:00:02]} 45. Ng5 {[%emt 0:04:17]} Re3 {[%emt 0:01:59]} 46. Rf3 {[%emt 0:03:09]} h6 {[%emt 0:01:25]} 47. Ne6 {[%emt 0:00:29]} Rc8 {[%emt 0:02:54]} 48. Nxf4 {[%emt 0:01:05]} Rc2+ {[%emt 0:00:28]} 49. Kg3 {[%emt 0:01:23]} Be1+ {[%emt 0:02:12]} 50. Kg4 {[%emt 0:00:15]} Re4 {[%emt 0:01:23]} 51. Rf1 {[%emt 0:04:58]} Bd2 {[%emt 0:00:36]} 52. Rf2 {[%emt 0:00:38]} g5 {[%emt 0:00:34]} 53. Rdxd2 {[%emt 0:00:44]} Rxd2 {[%emt 0:00:10]} 54. Rxd2 {[%emt 0:00:01]} Rxf4+ {[%emt 0:00:13]} 55. Kg3 {[%emt 0:00:11]} Rb4 {[%emt 0:00:19]} 56. Rd3 {[%emt 0:00:02]} Kg7 {[%emt 0:00:23]} 57. Re3 {[%emt 0:01:46]} h5 {[%emt 0:01:00]} 58. Re7+ {[%emt 0:00:34]} Kf6 {[%emt 0:00:59]} 59. Re6+ {[%emt 0:00:05]} Kf5 {[%emt 0:00:10]} 60. Rxd6 {[%emt 0:00:13]} Rxb3+ {[%emt 0:00:07]} 61. Kg2 {[%emt 0:00:27]} Rb2+ {[%emt 0:00:31]} 62. Kf3 {[%emt 0:01:00]} h4 {[%emt 0:01:00]} 63. Rd8 {[%emt 0:00:18]} Rb3+ {[%emt 0:00:35]} 64. Kg2 {[%emt 0:00:07]} Rb2+ {[%emt 0:00:04]} 65. Kf3 {[%emt 0:00:03]} Rh2 {[%emt 0:00:52]} 66. Rf8+ {[%emt 0:00:05]} Kg6 {[%emt 0:00:29]} 67. d6 {[%emt 0:00:38]} Rd2 {[%emt 0:00:39]} 68. Rd8 {[%emt 0:01:42]} Kf6 {[%emt 0:00:33]} 69. d7 {[%emt 0:01:15]} Ke7 {[%emt 0:00:17]} 70. Rg8 {[%emt 0:00:07]} Rxd7 {[%emt 0:00:27]} 71. Ke4 1/2-1/2

[Event "CZE-tht Extraliga 2018-19"]
[Site "Czech Republic"]
[Date "2019.02.09"]
[Round "7.8"]
[White "Smid, Miroslav"]
[Black "Rabatin, Jakub"]
[Result "1-0"]
[WhiteElo "2265"]
[BlackElo "2318"]
[Annotator "ChessBase"]
[PlyCount "115"]
[EventDate "2018.11.03"]
[EventType "team-tourn"]
[EventCountry "CZE"]
[SourceTitle "playchess.com"]
[Source "ChessBase"]
[SourceQuality "1"]
[WhiteTeam "Siesta"]
[BlackTeam "Beskydska"]
[TimeControl "40/5400+30:1800+30"]

1. c4 {[%emt 0:00:00]} Nf6 {[%emt 0:00:00]} 2. g3 {[%emt 0:00:00]} g6 {[%emt 0:00:00]} 3. Bg2 {[%emt 0:00:09]} Bg7 {[%emt 0:00:00]} 4. Nc3 {[%emt 0:00:17]} O-O {[%emt 0:00:04]} 5. e4 {[%emt 0:02:05]} d6 {[%emt 0:00:07]} 6. Nge2 {[%emt 0:00:09]} c5 {[%emt 0:01:23]} 7. O-O {[%emt 0:00:56]} Nc6 {[%emt 0:00:15]} 8. d3 {[%emt 0:00:06]} Ne8 {[%emt 0:02:57]} 9. Be3 {[%emt 0:08:18]} Nd4 {[%emt 0:14:33]} 10. Qd2 {[%emt 0:05:29]} Nc7 {[%emt 0:12:08]} 11. Bh6 {[%emt 0:04:39]} e5 {[%emt 0:16:17]} 12. Bxg7 {[%emt 0:03:40]} Kxg7 {[%emt 0:00:09]} 13. Nxd4 {[%emt 0:03:05]} cxd4 {[%emt 0:00:14]} 14. Ne2 {[%emt 0:04:07]} a5 {[%emt 0:02:00]} 15. f4 {[%emt 0:05:43]} f6 {[%emt 0:00:05]} 16. Rf2 {[%emt 0:05:11]} Bd7 {[%emt 0:06:35]} 17. f5 {[%emt 0:06:14]} g5 {[%emt 0:11:24]} 18. Bf3 {[%emt 0:03:31]} Na6 {[%emt 0:08:57]} 19. h4 {[%emt 0:01:52]} h6 {[%emt 0:02:21]} 20. Rh2 {[%emt 0:01:44]} a4 {[%emt 0:17:11]} 21. Kg2 {[%emt 0:04:16]} Qe7 {[%emt 0:00:37]} 22. Rah1 {[%emt 0:00:24]} Rh8 {[%emt 0:00:10]} 23. Bh5 {[%emt 0:05:46]} Nc5 {[%emt 0:00:31]} 24. Bg6 {[%emt 0:00:43]} Bc6 {[%emt 0:00:54]} 25. hxg5 {[%emt 0:01:54]} fxg5 {[%emt 0:00:06]} 26. Rf1 {[%emt 0:01:17]} Nd7 {[%emt 0:02:20]} 27. g4 {[%emt 0:04:29]} Nf6 {[%emt 0:00:21]} 28. Kf3 {[%emt 0:00:18]} Be8 {[%emt 0:01:46]} 29. Bxe8 {[%emt 0:01:18]} Nxe8 {[%emt 0:00:32]} 30. Ng3 {[%emt 0:00:45]} Nf6 {[%emt 0:00:26]} 31. Rfh1 {[%emt 0:01:54]} Ng8 {[%emt 0:00:31]} 32. Nh5+ {[%emt 0:02:59]} Kf8 {[%emt 0:00:21]} 33. Kg3 {[%emt 0:01:03]} Ke8 {[%emt 0:00:32]} 34. Qb4 {[%emt 0:00:57]} Qc7 {[%emt 0:00:41]} 35. f6 {[%emt 0:05:16]} Rh7 {[%emt 0:00:14]} 36. Ng7+ {[%emt 0:01:31]} Kf7 {[%emt 0:00:38]} 37. Rf1 {[%emt 0:04:18]} Ra6 {[%emt 0:00:32]} 38. Nh5 Kg6 39. Ng7 {[%emt 0:08:08]} Kf7 {[%emt 0:01:06]} 40. Qd2 {[%emt 0:01:57]} Qd7 {[%emt 0:00:22]} 41. Qg2 {[%emt 0:04:45]} d5 {[%emt 0:07:00]} 42. cxd5 {[%emt 0:04:17]} Rxf6 {[%emt 0:11:25]} 43. Ne6 {[%emt 0:03:27]} Ke8 {[%emt 0:01:11]} 44. Rxf6 {[%emt 0:05:56]} Nxf6 {[%emt 0:00:04]} 45. Qf1 {[%emt 0:00:23]} Rf7 {[%emt 0:00:57]} 46. Rf2 {[%emt 0:00:08]} Ke7 {[%emt 0:02:43]} 47. Rf5 {[%emt 0:01:29]} Qd6 {[%emt 0:07:02]} 48. Kh3 {[%emt 0:01:17]} h5 {[%emt 0:01:42]} 49. gxh5 {[%emt 0:00:30]} g4+ {[%emt 0:00:16]} 50. Kh4 {[%emt 0:03:52]} Kd7 {[%emt 0:02:48]} 51. Qc1 {[%emt 0:06:07]} Qb6 {[%emt 0:00:28]} 52. Ng5 {[%emt 0:00:50]} Rf8 {[%emt 0:00:30]} 53. h6 {[%emt 0:01:35]} g3 {[%emt 0:00:30]} 54. h7 {[%emt 0:00:50]} g2 55. Kh3 a3 {[%emt 0:01:03]} 56. bxa3 {[%emt 0:00:50]} Rh8 {[%emt 0:00:30]} 57. Kxg2 {[%emt 0:00:28]} Rc8 {[%emt 0:00:20]} 58. Qxc8+ {[%emt 0:00:10]} 1-0